<?xml version="1.0" encoding="UTF-8"?><?xml-stylesheet type="text/xsl" href="static/style.xsl"?><OAI-PMH xmlns="http://www.openarchives.org/OAI/2.0/" xmlns:xsi="http://www.w3.org/2001/XMLSchema-instance" xsi:schemaLocation="http://www.openarchives.org/OAI/2.0/ http://www.openarchives.org/OAI/2.0/OAI-PMH.xsd"><responseDate>2026-04-17T11:35:47Z</responseDate><request verb="GetRecord" identifier="oai:www.recercat.cat:10230/52281" metadataPrefix="marc">https://recercat.cat/oai/request</request><GetRecord><record><header><identifier>oai:recercat.cat:10230/52281</identifier><datestamp>2025-12-22T20:20:03Z</datestamp><setSpec>com_2072_6</setSpec><setSpec>col_2072_452954</setSpec></header><metadata><record xmlns="http://www.loc.gov/MARC21/slim" xmlns:dcterms="http://purl.org/dc/terms/" xmlns:xsi="http://www.w3.org/2001/XMLSchema-instance" xmlns:doc="http://www.lyncode.com/xoai" xsi:schemaLocation="http://www.loc.gov/MARC21/slim http://www.loc.gov/standards/marcxml/schema/MARC21slim.xsd">
   <leader>00925njm 22002777a 4500</leader>
   <datafield ind2=" " ind1=" " tag="042">
      <subfield code="a">dc</subfield>
   </datafield>
   <datafield ind2=" " ind1=" " tag="720">
      <subfield code="a">Aguilera Cora, Elisenda</subfield>
      <subfield code="e">author</subfield>
   </datafield>
   <datafield ind2=" " ind1=" " tag="260">
      <subfield code="c">2022-01-21T16:12:33Z</subfield>
   </datafield>
   <datafield ind2=" " ind1=" " tag="260">
      <subfield code="c">2022-01-21T16:12:33Z</subfield>
   </datafield>
   <datafield ind2=" " ind1=" " tag="260">
      <subfield code="c">2021</subfield>
   </datafield>
   <datafield ind2=" " ind1=" " tag="520">
      <subfield code="a">Tutor: Carlos Alberto Scolari</subfield>
   </datafield>
   <datafield ind2=" " ind1=" " tag="520">
      <subfield code="a">Treball de fi de Màster en Recerca en Comunicació Social</subfield>
   </datafield>
   <datafield ind2=" " ind1=" " tag="520">
      <subfield code="a">La COVID-19 es un fenómeno sin precedentes en la historia moderna. La&#xd;
cobertura mediática de esta pandemia se caracteriza por la utilización de recursos&#xd;
visuales. Infografías y visualizaciones de datos se difunden a diario para informar&#xd;
sobre la evolución del coronavirus. Sin embargo, hay pocas investigaciones que traten&#xd;
la comunicación visual de epidemias y pandemias en los medios de comunicación.&#xd;
Este proyecto pretende sentar las bases de una futura tesis doctoral. El objetivo&#xd;
general es estudiar la mediatización la COVID-19 a través de las infografías difundidas&#xd;
por los principales periódicos digitales españoles durante el brote. Se presenta una&#xd;
propuesta metodológica inicial fundamentada en la narratología, la semiótica y los&#xd;
grupos de discusión. Una primera fase de análisis permitirá identificar las estructuras&#xd;
narrativas de las infografías y su enunciación. Posteriormente, el estudio de la&#xd;
percepción e interpretación de los lectores permitirá obtener una visión holística sobre&#xd;
la mediatización de este fenómeno</subfield>
   </datafield>
   <datafield ind2=" " ind1=" " tag="520">
      <subfield code="a">COVID-19 is an unprecedented phenomenon in modern history. Coverage&#xd;
of this pandemic has been distinctive for the use of visual resources. Infographics and&#xd;
data visualizations are broadcasted daily to report on the evolution of COVID-19.&#xd;
However, there is a lack of research related to visual communication of epidemics and&#xd;
pandemics in the media. This project aims to lay the foundation for a future doctoral&#xd;
thesis. The general objective is to study COVID-19 mediatization through infographics&#xd;
broadcasted by the main Spanish digital newspapers thoughout the outbreak. This&#xd;
project presents an initial methodological proposal based on narratology, semiotics and&#xd;
focus group. A first phase of analysis will allow identifying the infographics’ narrative&#xd;
structures and their enunciation. Subsequently, the study of readers&amp;apos; perception and&#xd;
interpretation will provide a holistic perspective of how this phenomenon has been&#xd;
mediatized</subfield>
   </datafield>
   <datafield ind2="0" ind1="0" tag="245">
      <subfield code="a">La mediatización de la pandemia: el caso de las infografías sobre la COVID-19 en la&#xd;
prensa digital española</subfield>
   </datafield>
</record></metadata></record></GetRecord></OAI-PMH>